000 00421nam a2200181Ia 4500
008 210210b1989 xxu||||| |||| 00| 0 eng d
041 _aeng
082 _a512/41
100 _aLONEY (S L)
245 _aPlane trigonometry Part II
260 _aNew Delhi
_bSurjeet Publications
_c1989
650 _atrigonometry
650 _aPlane
650 _aPart
650 _aII
690 _aTrigonometry
906 _a007244
999 _c139652
_d139652